| 000 | 00600nam a2200217Ia 4500 | ||
|---|---|---|---|
| 008 | 191119s9999 xx 000 0 und d | ||
| 020 | _a978-971-23-991-0-7 | ||
| 050 | _aFIL G 155.A1 | ||
| 050 | _b.C78 2019 c.2 | ||
| 100 | _aCruz, Zenaida Lansangan - | ||
| 245 | 0 | _aMicro perspective of tourism and hospitality / | |
| 245 | 0 | _cZenaida Lansangan - Cruz. | |
| 260 | _aPhilippines : | ||
| 260 | _bRex Bookstore, | ||
| 260 | _c2019 | ||
| 300 | _a230 pages : | ||
| 300 | _c25 cm. | ||
| 440 | _aHRM-TM Series | ||
| 500 | _aIncludes bibliographic references and index. | ||
| 650 | _aTourism. | ||
| 999 |
_c363122 _d363122 |
||